The adventures of Tom Sawyer

Bibliographic Details
Main Author: Twain, Mark
Format: Book
Published: New York : Baronet Books , 19--
Subjects:

MARC

LEADER 00000cam a2200000 7i4500
001 0000009075
002 000009887
005 20020412.0
020 |a T000000731 
090 0 0 |a JF   |b TWA 
100 1 |a Twain, Mark 
245 1 4 |a The adventures of Tom Sawyer   |c Mark Twain 
260 |a New York :   |b Baronet Books ,   |c 19-- 
300 |a 238p. ;   |c 23cm. 
650 0 0 |a Adventure stories 
999 |a 029202   |b BUKU   |c PINJAMAN   |e PERPUSTAKAAN KOMUNITI PETALING JAYA